000 00668nam a2200217 a 4500
001 BRCA_628
005 20190320203104.0
008 181005s1990----sp-a---###---#000-0#spa-d
020 _a8476300263
050 4 _aTS542
_b.U74 1990
100 1 _aUrešová, Libuše
_92130
245 1 0 _aEl arte de la relojería
_cLibuše Urešová ; traducción Matilde Mudarra.
260 _aMadrid
_bLibsa
_c1990
300 _a240 p.
_bil. (algunas a color)
_c29 cm.
500 _aIncluye índice de personas
504 _aBibliografía: p. 226-227
650 1 4 _aRelojes
_xTecnología
_92131
650 1 4 _aRelojes
_xHistoria
_92132
700 1 _aMudarra, Matilde
_92133
942 _2lcc
_cB
999 _c551
_d551